Central Library OPAC University of Rajshahi

Process equipment design / (Record no. 68112)

MARC details
000 -LEADER
fixed length control field 00802nam a2200241 a 4500
001 - CONTROL NUMBER
control field 68112
003 - CONTROL NUMBER IDENTIFIER
rucl marc code BD-RjUL
005 - DATE AND TIME OF LATEST TRANSACTION
control field 20211209081731.0
008 - FIXED-LENGTH DATA ELEMENTS--GENERAL INFORMATION
fixed length control field 170330b19641945nyu||||| |||| 001 0 eng d
035 ## - SYSTEM CONTROL NUMBER
System control number (BD-RjUL)68321
040 ## - CATALOGING SOURCE
Original cataloging agency BD-RjUL
Language of cataloging eng
Transcribing agency BD-RjUL
041 ## - LANGUAGE CODE
Language code of text/sound track or separate title eng
082 ## - DEWEY DECIMAL CLASSIFICATION NUMBER
Edition number 23
Classification number 621
Author mark and year HEP 1964
100 ## - MAIN ENTRY--PERSONAL NAME
Personal name Hesse, Herman C.
9 (RLIN) 201913
245 ## - TITLE STATEMENT
Title Process equipment design /
Statement of responsibility, etc. Herman C Hesse (Herman Carl) andJ Henry Rushton
260 ## - PUBLICATION, DISTRIBUTION, ETC. (IMPRINT)
Place of publication, distribution, etc. New Delhi :
Name of publisher, distributor, etc. Affiliated East-West Press,
Date of publication, distribution, etc. c1945 [reprint 1964]
300 ## - PHYSICAL DESCRIPTION
Pagination 580 p. :
Illustrations ill. ;
Size 19 cm.
650 ## - SUBJECT ADDED ENTRY--TOPICAL TERM
Topical term or geographic name as entry element Chemical engineering
9 (RLIN) 201914
Topical term or geographic name as entry element Mechanical engineering
9 (RLIN) 201915
Topical term or geographic name as entry element Chemical engineering
General subdivision Equipment and supplie
9 (RLIN) 201916
Topical term or geographic name as entry element Chemical plants
General subdivision Equipment and supplies
9 (RLIN) 201917
942 ## - ADDED ENTRY ELEMENTS (KOHA)
Source of classification or shelving scheme Dewey Decimal Classification
Koha item type Books
Holdings
Lost status Source of classification or shelving scheme Damaged status Not for loan Collection code Permanent Location Current Location Shelving location Date acquired Source of acquisition Cost, normal purchase price Total Checkouts Full call number Date last seen Copy number Koha item type
  Dewey Decimal Classification   Not For Loan Non-fiction Central Library, University of Rajshahi Central Library, University of Rajshahi Reading Room 30/01/1967 Sahity kuthir 19.00   621 HEP 1964 30/03/2017 C-1 Books